000 005180000a22001930004500
999 _c48715
_d48715
001 1555
003 CO-MdFUSB
005 20171115155753.0
008 171115b xxu||||| |||| 00| 0 eng d
020 _a958-04-2889-1
040 _cCO-MdBIC
082 0 4 _a863N Tz63dc
100 1 _aKaut, Ellis
245 1 0 _aEl duende del carpintero / Ellis Kaut ; ilustrado por Bagnall Studios ; traducción de Angela Uribe
260 _aBogotá : Norma
300 _a166 P.
500 _aA partir de los 9 años
942 _cLGB